00833nam a2200181 i 4500001000300000245023900003260002800242300003000270490004600300650005200346700002400398830004600422040000800468041000700476080002900483008004100512856009800553bg00aRachunki narodowe według sektorów instytucjonalnych =bNational accounts by institutional sectors : 1991-1995 /c[przygot. Maryna Galińska et al.] ; Główny Urząd Statystyczny. Departament Rachunków Narodowych i Finansów. aWarszawa :bGUS,c1997. a265 s. :bwykr. ;c30 cm.1 aStudia i Analizy Statystyczne,x0867-0838 9aRachunkowość społecznazPolskayod 1989 r.1 aGALIŃSKA, Maryna. aStudia i Analizy Statystyczne,x0867-0838 cBPK0 apl a330.5(438)"1989/...":657 s pl f |000 0 pol  uhttp://koha.tu.koszalin.pl/cgi-bin/koha/opac-detail.pl?biblionumber=31896yKatalog online BPK